| 000 | 00788nam a2200193Ia 4500 | ||
|---|---|---|---|
| 008 | 0000001994 mX a 0000000000spa00 | ||
| 090 | _aPSP00 C17s4 | ||
| 100 | 1 |
_aCarbonell, Santiago _d1960 |
|
| 245 | 1 | 0 |
_aSantiago Carbonell _b: pinturas |
| 300 |
_a[20] p. _c/ 25 cm. |
||
| 500 | _aExposición realizada en el Museo de la Ciudad de León, Octubre 13 Noviembre 13, 1994 \ Con el patronazgo del maestro venezolano Jesús Rafael Soto (q.e.p.d.) \ Registro auspiciado por el IDCT. Bogotá | ||
| 600 | 0 | 0 |
_aCARBONELL, SANTIAGO, 1960/ _xTRABAJOS PICTORICOS |
| 650 | 1 | 4 | _aARTE CONTEMPORANEO ESPAÑOL |
| 650 | 1 | 4 | _xCATALOGOS |
| 650 | 1 | 4 | _xEXPOSICIONES |
| 650 | 1 | 4 | _aPINTORES ESPAÑOLES |
| 650 | 1 | 4 | _aPINTURA ESPAÑOLA |
| 999 |
_c4121 _d4121 |
||
| 260 |
_aLeon : Museo de la Ciudad de Leon _c1994 |
||